| 000 | 00729cab a2200229 4500 | ||
|---|---|---|---|
| 001 | ABS57451 | ||
| 008 | 090401t xxu||||| |||| 00| 0 eng d | ||
| 035 | _a(Sirsi) u80324 | ||
| 041 | _aeng | ||
| 100 | _aLichfield, N | ||
| 245 | _aAchieving the benefits of conservation | ||
| 350 | _a0 | ||
| 490 |
_aThe Built Environment _v23(2), 103-110(8) |
||
| 520 | _aDiscusses the conservation of the cultural built heritage as a socio-economic contribution to the community`s welfare. Includes a case study of community impact evaluation. | ||
| 650 | _aCOMMUNITY IMPACT EVALUATION | ||
| 650 | _aCOMMUNITY | ||
| 650 | _aHERITAGE | ||
| 650 | _aHISTORIC BUILDINGS | ||
| 690 | _aCONSERVATION | ||
| 942 | _n0 | ||
| 948 | _c19/08/1997 | ||
| 999 |
_c50585 _d50585 |
||